Η προσφυγογειτονιά μου : δικαστήρια-Γενί Τζαμί

Saved in:
Bibliographic Details
Main Author: Αναγνωστοπούλου, Μαρία Αχ
Format: Book
Language:Greek
Published: Μυτιλήνη : Πετράς, [1984?]
Subjects:
Tags: Add Tag
No Tags, Be the first to tag this record!

MARC

LEADER 00000nam a2200000 i 4500
001 1/23145
008 011112s1984 gr ||| | gre||
035 |l 10067608 
040 |a GR-MY-UA  |b gre  |e aacr 
041 0 |a gre 
082 0 |a 938.974 
100 1 |a Αναγνωστοπούλου, Μαρία Αχ. 
245 1 2 |a Η προσφυγογειτονιά μου :  |b δικαστήρια-Γενί Τζαμί /  |c Μαρία Αχ. Αναγνωστοπούλου 
260 |a Μυτιλήνη :   |b Πετράς,   |c [1984?] 
300 |a 30 σ.;  |b φωτ.;  |c 24 εκ. 
650 0 0 |a Neighborhood  |z Greece  |z Mytilene (Lesbos Island)  |x History. 
852 |a INST  |b LESVOS  |e 20011112  |h 938.974 ΑΝΑ  |p 005100025136  |q 005100025136  |t BK  |y 0 
901 |a BIBL1-2002-3 
909 |a Λ  |b 099026 
922 |a 1ΕΛΗ  |b 200111  |c ΤΑΚ/ΚΥΒ  |d ΠΕΤΡΑΣ 
950 |a 023-2001-11-02 
970 |a ΚΑΜΑΤΣΟΥ  |b ΔΕΣΠΟΙΝΑ  |z 2002/09/13